00763nam a2200253 a 4500001001300000003000900013005001700022008004100039020001000080082001300090100001600103245003500119260004800154300000800202500003500210505001600245650001600261700001600277902000800293942000700301952009300308952009300401999001500494nice12345678IN_TiNIC20260116011428.0050524s1924 laha grp 000 0 urd  ac10000a239bMIL aMilrey, C J aHoly Spirit in Quran and Bible aLahorebPunjab Religious Booksociety c1924 a61p aincludes index and biblioraphy2 aIndex, Ill. aHoly Spirit1 aMilrey, C J bSRS cBK 00104070aHMIbHMId2016-04-15g100.00l0o239 MILp2764r0000-00-00w2026-01-16yARB 00104070aHMIbHMId2016-04-15g100.00l0o239 MILp4940r0000-00-00w2026-01-16yARB c1453d1453